000 00978nas a2200313 4500
001 BR0102718
003 BR-BrBNA
005 20231205102258.0
007 ta
008 230509b bl.|||p| |||| 00| 00por d
040 _aBR-BrBNA
_bpor
_cBiblioteca Nacional de Agricultura
041 _a(Pt)
072 _aF04
100 1 _aPessoa, A.C.S.
100 1 _aRibeiro, A.C.
100 1 _aChagas, J.M.
100 1 _aCassini, S.T.A.
245 1 _aAtividades de nitrogenase e redutase de nitrato e produtividade do feijoeiro "Ouro Negro" em resposta a adubacao foliar com molibdenio
650 _aFeijao
650 _aProdutividade
650 _aNitrogenase
650 _aReductase
650 _aMolibdenio
650 _aAdubacao Foliar
650 _aResposta da Planta
773 0 _tRevista Brasileira de Ciencia do Solo (Brazil)
_xISSN 0100-0683
_g(Jan-Mar 2001), v. 25(1) p. 217-224
_wBR0102718
909 _a202311
_bLúcia
_c55
_dLúcia Elande
942 _2AGRIS
_n0
_cANA
999 _c166734
_d166734